000 01227nam a22003377a 4500
003 CHAP
005 20220329143656.0
008 101215s mx a r 00010 spa d
010 _a100168
011 _a101140
035 _a111827
040 _cCHAP
082 1 4 _a636.2084
_bK12
100 0 0 _aKaldman Encinas, Juan Francisco.
_962614
245 1 0 _aManual del curso cómo alimentar el ganado bovino
_c/por Juan Francisco Kaldman Encinas
260 _aMéxico, D.F. :
_bCentro Nacional de Productividad,
_c[s. a.]
300 _a85 p. :
_bilus., cuadros
590 _aBATCH-UPD
_b10
_c20130110
_lUCH01
_h0946
590 _aBATCH-UPD
_b10
_c20130410
_lUCH01
_h0601
590 _aBATCH-UPD
_b10
_c20130914
_lUCH01
_h1527
590 _aCONVERSION
_b10
_c20130109
_lUCH01
_h1355
650 1 4 _aAlimentos y alimentacion del ganado.
_94326
650 1 4 _aAlimentos y alimentacion del ganado
_xAnalisis.
_94327
650 1 4 _aAlimentos y alimentacion del ganado
_xCostos de produccion.
_94331
650 1 4 _aGanado vacuno
_xAlimentación.
_945429
650 1 4 _aRacionamiento de alimentos.
_993645
901 _aBK
911 _aen proceso
942 _cLIBRO
949 _a636.2084 K12
_bBC
_cLIBRO
_d33724002105231
_eLIBRO
_h113974
_i111827
_sb
999 _c100168
_d100168